Score 0/10 Timer 01:30
3 Plays Today
Clue 4-letter Word % Correct
______ Disney, creator of these chipmunks💛WALT💙
96.4%
The end of a chess gameMATE
91.9%
4/5/2012, e.g.DATE
91.2%
Disney smart chipmunk💙CHIP💛
91.1%
Disney dimwitted chipmunk💙DALE💛
89.1%
Grain used for brewingMALT
88.6%
Pass time until an event happensWAIT
87.1%
Capital of MaldivesMALÉ
80.8%
A strip of leather used for floggingWHIP
78.7%
A very small part or amountWHIT
69.6%

Today's Daily Dose

Remove Ads.
Support Sporcle.
Get the best of Sporcle when you Go Orange. This ad-free experience offers more features, more stats, and more fun while also helping to support Sporcle. Thank you for becoming a member.

You're not logged in!

Compare scores with friends on all Sporcle quizzes.
OR
Log In

Show Comments

Extras

Top Quizzes Today


Score Distribution

Your Account Isn't Verified!

In order to create a playlist on Sporcle, you need to verify the email address you used during registration. Go to your Sporcle Settings to finish the process.

Report this User

Report this user for behavior that violates our Community Guidelines.

Details: